| 000 | 00805cam a2200229 a 4500 | ||
|---|---|---|---|
| 999 |
_c628 _d628 |
||
| 001 | 1204 | ||
| 003 | BD-DhUAP | ||
| 005 | 20200126112927.0 | ||
| 008 | 200126s1995 bg a b 100 0 eng | ||
| 040 |
_aDLC _cDLC _bEng _dBD-DhUAP |
||
| 082 |
_223 _a305.4 COM |
||
| 245 | 0 | 0 |
_aCommercial activity, women, and ecology : _bseminar proceedings / _cEdited by Amanat Ullah Khan and Md. Abdul Baqee. |
| 260 |
_aDhaka, Bangladesh : _b[IGU Commission on Commercial Activities], _c1995. |
||
| 300 |
_a583 pages : _billustrations ; _c25 cm. |
||
| 504 | _aIncludes bibliographical references. | ||
| 650 |
_aWomen _vEconomic conditions. |
||
| 650 |
_aWomen _vSocial conditions. |
||
| 700 | 1 | _aKhan, Amanat Ullah. | |
| 700 | 1 | _aBaqee, Md. Abdul. | |
| 942 |
_2ddc _cBK |
||